01615pam a2200265 a 4500001000800000005001700008008004100025010001700066020004500083040001800128043001200146050001300158082002000171245008900191260004500280300003400325504005100359505077300410650002401183650003001207650004001237651002901277700002601306700001701332110739920210414113905.0930701s1994 coua b 001 0 eng  a 93028585  a1555874177 (alk. paper) :c$35.00 (est.) aDLCcDLCdDLC af------00aHC800.A800a338/.04/09622000aAfrican capitalists in African development /cedited by Bruce J. Berman, Colin Leys. aBoulder :bL. Rienner Publishers,c1994. avii, 275 p. :bill. ;c24 cm. aIncludes bibliographical references and index. aContents: Introduction -- African capitalists and development: Theoretical questions -- The Ivorien bougeoisie -- Domestic capitalists and the state in Kenya -- The State and the development of African capitalism in Zimbabwe -- The Role of the "National" bourgeoisie in national development: The Case of the textile and clothing industries in Zimbabwe -- African industrialization in comparative perspective: The Question of scale -- Accumulating wealth, consolidating power: Rentierism in Senegal -- State deterioration and capitalist development: The Case of Zaire -- An Alliance of oil and maize? The Response on Indigenous and state capital to structural adjustment in Nigeria -- African capitalism and the paradigm of modernity: Culture, technology and the state. 0aCapitalismzAfrica. 0aEntrepreneurshipzAfrica. 0aCapitalists and financierszAfrica. 0aAfricaxEconomic policy.1 aBerman, Bruce,d1942-1 aLeys, Colin.